Nations of the Third Coalition - Statistics

General Stats
  • This quiz has been taken 12 times
  • The average score is 9 of 14
Answer Stats
Years Involved Nation % Correct
1805-1806 Russia
100%
1805-1806 Spain
100%
1805-1806 United Kingdom
100%
1805-1806 Austria
91%
1805-1806 France
91%
1805-1806 Sweden
91%
1805-1806 Bavaria
73%
1805-1806 Naples
73%
1805-1806 Baden
45%
1805-1806 Sicily
45%
1805-1806 Wurttemberg
45%
1805-1806 Batavian Republic
27%
1805-1806 Kingdom of Italy
18%
1805-1806 Etruria
0%
No matching quizzes found
Score Distribution
Percent of People with Each Score
Percentile by Number Answered
Your Score History
You have not taken this quiz